Kluby, w których grają polscy piłkarze. - Statystyki

Ogólne statystyki
  • Ten quiz został rozwiązany 782 razy
  • Średni wynik to 14 z 22
Statystyki odpowiedzi
Piłkarz Aktualny klub % Poprawnych
Robert Lewandowski FC Bayern Monachium
99%
Wojciech Szczęsny Juventus FC
99%
Łukasz Piszczek Borussia Dortmund
80%
Krzysztof Piątek AC Milan
76%
Jakub Błaszczykowski Wisła Kraków
76%
Artur Jędrzejczyk Legia Warszawa
75%
Łukasz Fabiański West Ham United FC
72%
Kamil Glik AS Monaco FC
71%
Grzegorz Krychowiak Lokomotiv Moskwa
71%
Karol Linetty UC Sampdoria
66%
Bartosz Bereszyński UC Sampdoria
66%
Dawid Kownacki UC Sampdoria (wyp. do: Fortuna Dusseldorf)
66%
Kamil Grosicki Hull City AFC
63%
Arkadiusz Milik SSC Napoli
63%
Piotr Zieliński SSC Napoli
63%
Mateusz Klich Leeds United FC
62%
Szymon Żurkowski ACF Fiorentina
58%
Bartłomiej Drągowski ACF Fiorentina
58%
Sebastian Szymański Dynamo Moskwa
37%
Krystian Bielik Arsenal FC
20%
Kamil Grabara Huddersfield Town FC
20%
Michał Pazdan MKE Ankaragucu
18%
Nie znaleziono quizów pasujących do podanych kryteriów
Rozkład punktacji
Procent ludzi z każdym wynikiem
Percentyl według liczby udzielonych odpowiedzi
Twoja historia wyników
Nie rozwiązałeś tego quizu